Normal view MARC view

Entry Nombre personal

Number of records used in: 13

001 - NÚMERO DE CONTROL

  • campo de control: 73789

003 - IDENTIFICADOR DE NÚMERO DE CONTROL

  • campo de control: SpMaBN

005 - FECHA Y HORA DE LA ÚLTIMA TRANSACCIÓN

  • campo de control: 20250805012245.0

008 - ELEMENTOS DE DATO DE LONGITUD-FIJA

  • campo de control de longitud fija: 901120nn aijnnaabn n aaa

016 ## - NÚMERO DE CONTROL DE UNA AGENCIA BIBLIOGRÁFICA NACIONAL

  • Número de control del registro: BNE19900505415

024 7# - IDENTIFICADOR DE OTROS ESTÁNDARES

  • Número estándar o código: http://viaf.org/viaf/119506845/
  • Fuente: viaf

024 7# - IDENTIFICADOR DE OTROS ESTÁNDARES

  • Número estándar o código: https://isni.org/isni/0000000115576019
  • Fuente: isni

024 7# - IDENTIFICADOR DE OTROS ESTÁNDARES

  • Número estándar o código: http://www.wikidata.org/entity/Q6090737
  • Fuente: wikidata

040 ## - FUENTE DE CATALOGACIÓN

  • Centro catalogador/agencia de origen: SpMaBN
  • Lengua de catalogación: spa
  • Centro/agencia transcriptor: SpMaBN
  • Normas de descripción: rdc
  • Convención/Normas de encabezamiento de materia/tesauro: embne

046 ## - FECHAS CON CODIFICACIÓN ESPECIAL

  • Fecha de nacimiento: 1946

100 1# - ENCABEZAMIENTO-NOMBRE DE PERSONA

  • Nombre de persona: López Mondéjar, Publio,
  • Fechas asociadas al nombre: 1946-

373 ## - GRUPO ASOCIADO

  • Grupo asociado: Real Academia de Bellas Artes de San Fernando
  • Fuente de información: Wikidata

374 ## - OCUPACIÓN

  • Ocupación: Historiadores
  • Fuente de información: Wikidata

375 ## - GÉNERO/SEXO

  • Género: Masculino
  • Fuente de información: Wikidata

377 ## - IDIOMA ASOCIADO

  • Término de lengua/lenguaje: Español

670 ## - FUENTE DE DATOS ENCONTRADOS

  • Cita de la fuente: Vistas del Canal de Isabell II, de Charles Clifford, 1988
  • Información encontrada: (textos introductorios de Juan Bener y Publio López Mondéjar)

670 ## - FUENTE DE DATOS ENCONTRADOS

  • Cita de la fuente: Santos Yubero, 2010
  • Información encontrada: port. (Publio López Mondéjar) solapa (n. en Casasimarro, Cuenca, 1946)

670 ## - FUENTE DE DATOS ENCONTRADOS

  • Cita de la fuente: Catálogo de escritores conquenses, 1998
  • Información encontrada: (López Mondejar, Publio; n. Casasimarro. Historiador de la fotografía en España)